<?xml version="1.0" encoding="UTF-8"?>
<record
    xmlns:xsi="http://www.w3.org/2001/XMLSchema-instance"
    xsi:schemaLocation="http://www.loc.gov/MARC21/slim http://www.loc.gov/standards/marcxml/schema/MARC21slim.xsd"
    xmlns="http://www.loc.gov/MARC21/slim">

  <leader>02188nam a2200325 i 4500</leader>
  <controlfield tag="001">196284</controlfield>
  <controlfield tag="003">ES-MaACL</controlfield>
  <controlfield tag="005">20260216183929.0</controlfield>
  <controlfield tag="008">240828b2024    sp ||||| |||| 00| 0 spa d</controlfield>
  <datafield tag="017" ind1=" " ind2=" ">
    <subfield code="a">CC 000151-2024</subfield>
    <subfield code="b">Oficina Dep&#xF3;sito Legal C&#xE1;ceres</subfield>
  </datafield>
  <datafield tag="020" ind1=" " ind2=" ">
    <subfield code="a">9788412829594</subfield>
  </datafield>
  <datafield tag="040" ind1=" " ind2=" ">
    <subfield code="b">spa</subfield>
    <subfield code="c">ES-MaACL</subfield>
  </datafield>
  <datafield tag="100" ind1="1" ind2=" ">
    <subfield code="a">Ramos Rubio, Jos&#xE9; Antonio,</subfield>
    <subfield code="d">1963-</subfield>
    <subfield code="e">aut</subfield>
    <subfield code="9">174430</subfield>
  </datafield>
  <datafield tag="245" ind1=" " ind2=" ">
    <subfield code="a">El comendador de las letras : </subfield>
    <subfield code="b">Historia y vida de Tirso de Molina / </subfield>
    <subfield code="c">Jos&#xE9; Antonio Ramos Rubio</subfield>
  </datafield>
  <datafield tag="260" ind1=" " ind2=" ">
    <subfield code="a">C&#xE1;ceres : </subfield>
    <subfield code="b">Tau Editores, </subfield>
    <subfield code="c">2024</subfield>
  </datafield>
  <datafield tag="264" ind1=" " ind2=" ">
    <subfield code="a">&#xA9;2024</subfield>
  </datafield>
  <datafield tag="300" ind1=" " ind2=" ">
    <subfield code="a">192 p&#xE1;ginas ; </subfield>
    <subfield code="c">24 cm</subfield>
  </datafield>
  <datafield tag="336" ind1=" " ind2=" ">
    <subfield code="2">rdacontent</subfield>
    <subfield code="a">texto</subfield>
  </datafield>
  <datafield tag="337" ind1=" " ind2=" ">
    <subfield code="2">rdamedia</subfield>
    <subfield code="a">sin mediaci&#xF3;n</subfield>
  </datafield>
  <datafield tag="338" ind1=" " ind2=" ">
    <subfield code="2">rdacarrier</subfield>
    <subfield code="a">volumen</subfield>
  </datafield>
  <datafield tag="520" ind1=" " ind2=" ">
    <subfield code="a">Encontrar&#xE1;s en este libro un ser que dedic&#xF3; la vida, sus sue&#xF1;os, su fe y su alma a la literatura y al amor a Dios. Gabriel T&#xE9;llez, conocido como &#x201C;Tirso de Molina&#x201D;, seud&#xF3;nimo del fraile mercedario, fue un te&#xF3;logo profundo, predicador elocuente, sensato y prudente con virtudes admirables. Fue un genial dramaturgo que bastar&#xED;a una sola obra para inmortalizar su nombre. El condenado por desconfiado, es una obra que le coloca entre los m&#xE1;s insignes autores dram&#xE1;ticos por su profundidad argumental, s&#xF3;lo un te&#xF3;logo admirable como Tirso de Molina, es capaz de resolver el tremendo conflicto entre la predestinaci&#xF3;n y el libre albedr&#xED;o. Su merecida fama salt&#xF3; las fronteras, a&#xFA;n incluso estando en vida, llegando a Londres aureolando el nombre del autor mercedario. Reconocido un&#xE1;nimemente como una de las m&#xE1;s grandes figuras de la literatura espa&#xF1;ola, Tirso de Molina comparte con Lope de Vega y Calder&#xF3;n de la Barca la primac&#xED;a del teatro espa&#xF1;ol de la &#xE9;poca &#xE1;urea.</subfield>
  </datafield>
  <datafield tag="600" ind1="1" ind2="4">
    <subfield code="9">226522</subfield>
    <subfield code="a">Molina, Tirso de,</subfield>
    <subfield code="d">1579-1648</subfield>
  </datafield>
  <datafield tag="852" ind1=" " ind2=" ">
    <subfield code="a">ES-MaACL</subfield>
    <subfield code="c">DEPOJ</subfield>
    <subfield code="j">N-10129</subfield>
    <subfield code="h">Donaci&#xF3;n: Jos&#xE9; Antonio Ramos Rubio</subfield>
    <subfield code="x">Encuadernaci&#xF3;n r&#xFA;stica con solapas</subfield>
    <subfield code="9">206262</subfield>
  </datafield>
  <datafield tag="903" ind1=" " ind2=" ">
    <subfield code="a">Ramos Rubio, Jos&#xE9; Antonio,</subfield>
    <subfield code="d">1963-</subfield>
    <subfield code="e">dnr</subfield>
    <subfield code="9">174430</subfield>
  </datafield>
  <datafield tag="942" ind1=" " ind2=" ">
    <subfield code="c">MONOGRAFIA</subfield>
    <subfield code="n">0</subfield>
  </datafield>
  <datafield tag="999" ind1=" " ind2=" ">
    <subfield code="c">196284</subfield>
    <subfield code="d">196284</subfield>
  </datafield>
  <datafield tag="952" ind1=" " ind2=" ">
    <subfield code="0">0</subfield>
    <subfield code="1">0</subfield>
    <subfield code="2">udc</subfield>
    <subfield code="4">0</subfield>
    <subfield code="7">0</subfield>
    <subfield code="a">ATENEOM</subfield>
    <subfield code="b">ATENEOM</subfield>
    <subfield code="c">DEPOJ</subfield>
    <subfield code="d">2025-07-19</subfield>
    <subfield code="e">DONACION</subfield>
    <subfield code="l">0</subfield>
    <subfield code="o">N-10129</subfield>
    <subfield code="p">2025-0647</subfield>
    <subfield code="r">2025-07-19 00:00:00</subfield>
    <subfield code="w">2025-07-19</subfield>
    <subfield code="y">MONOGRAFIA</subfield>
  </datafield>
</record>
